Visual Basic 6 : complete (Record no. 92857)

MARC details
000 -LEADER
fixed length control field 00448nam a2200181Ia 4500
005 - DATE AND TIME OF LATEST TRANSACTION
control field 20230421131711.0
008 - FIXED-LENGTH DATA ELEMENTS--GENERAL INFORMATION
fixed length control field 230125s9999 xx 000 0 und d
041 ## - LANGUAGE CODE
Language code of text/sound track or separate title eng
082 ## - DEWEY DECIMAL CLASSIFICATION NUMBER
Classification number 005.133
Item number SYB
100 ## - MAIN ENTRY--PERSONAL NAME
Author Sybex
245 ## - TITLE STATEMENT
Title Visual Basic 6 : complete
260 ## - PUBLICATION, DISTRIBUTION, ETC.
Date of publication, distribution, etc. 1999
Name of publisher, distributor, etc. BPB Publication
Place of publication, distribution, etc. New Delhi
500 ## - GENERAL NOTE
Keywords Visual Basic
650 ## - SUBJECT ADDED ENTRY--TOPICAL TERM
Topical term or geographic name entry element Computer Management
700 ## - ADDED ENTRY--PERSONAL NAME
Personal name Sybex
942 ## - ADDED ENTRY ELEMENTS (KOHA)
Koha item type Donated Book
Holdings
Withdrawn status Lost status Damaged status Not for loan Home library Current library Date acquired Vendor Full call number Barcode Date last seen Bill Date Koha item type Original Barcode
Withdrawn 2022-23       Smt. Hiraben Nanavati Institute of Management & Research for Women Smt. Hiraben Nanavati Institute of Management & Research for Women 08/02/2006 Satya Gilani 005.133 SYB DB0982 HIMR-DB-982 25/01/2023 08/02/2006 Donated Book DB0982